000 00629nam a2200229Ia 4500
003 OSt
005 20220928113607.0
006 a|||||r|||| 00| 0
007 ta
008 220927b |||||||| |||| 00| 0 eng d
024 _a75011
037 _cTextual
040 _aSDCL
_cSDCL
_beng
041 _2eng
_aeng
082 _aSxM96, M3
100 _aAtkinson Christine
_9433982
245 0 _aMaking sense of piaget
_b The philosophical roots
260 _aLondon
_bRoutledge and Kegan Paul
_c1983
300 _avii,216p
_ccm.
942 _hSxM96, M3
_cTEXL
_2CC
999 _c750381
_d750381